000 01041nam a22002777a 4500
005 2011080406576.0
008 090728t xxu||||| |||| 00| 0 pun d
010 _aPUN-6928
020 _c250.00
_a9788171162843
035 _aPN-6046
037 _bDBAD / PUB
040 _adpl
_bpn
082 _a851.08
100 _924414
_aਚਾਨਣ ਗੋਬਿੰਦਪੁਰੀ
245 _aਸਾਡਾ ਲੋਕ ਵਿਰਸਾ /
_cਚਾਨਣ ਗੋਬਿੰਦਪੁਰੀ
246 _aSada lok virsa
_bby Chanan gobindpuri
260 _aDelhi
_bNational Book Shop
_c2011
270 _aPleasure Garden Market, Chandni chowk
_bDelhi
_e110 006
_k011-23264342
300 4 _a240 ਸਫੇ
_c22ਸੇਮੀ (ਸਜਿਲੱਦ)
600 _931401
650 _924412
650 _924431
700 _931690
942 _2ddc
_cPN
_h851.08
_mਚਾਨਣ
999 _c55024
_d55024